000
00335 a2200157 4500
001
190405
020
_a
978-85-7635-799-5
040
_c
Magnum
100
_a
Hiratsuka, Lucia
240
1
0
_a
O noivo da ratinha
_l
por
245
1
0
_a
O noivo da ratinha
300
_a
32
362
0
_a
2011
697
_a
LITERATURA INFANTO
942
_c
BK
999
_c
190405
_d
190405